Catalog

Record Details

Catalog Search



Paradeník, aneb, Jak jsem spadla z hrušky  Cover Image Book Book

Paradeník, aneb, Jak jsem spadla z hrušky / Kateřina Antošová

Record details

  • ISBN: 978-80-260-5639-3
  • Physical Description: 123 s. ; 18 cm
  • Edition: 1. vyd.
  • Publisher: Praha : Luboš Brabec, 2014
Subject: Antošová, Kateřina
paraplegici > Česko
handcycling
paraplegics > Czechia
handcycling
Genre: autobiografické příběhy
deníky
autobiographical stories
diaries

Available copies

  • 1 of 1 copy available at Common Catalog SPOK.

Holds

  • 0 current holds with 1 total copy.
Show Only Available Copies
Location Call Number / Copy Notes Barcode Shelving Location Status Due Date
Jabok Library BL-1/An 424480045515 Beletrie Available -

LDR 01439nam a2200469 a 4500
00157031
003CZ-PrJAB
00520140611124205.0
007ta
008140129s2014 xr g 000 0acze
015 . ‡acnb002562749
020 . ‡a978-80-260-5639-3 ‡q(brož.)
035 . ‡a(CZ PrNK)nkc20142562749
035 . ‡a(OCoLC)879564440
040 . ‡aBOA001 ‡bcze
043 . ‡ae-xr---
045 . ‡ay1y1
072 7. ‡a929 ‡xBiografie ‡2Konspekt ‡98
080 . ‡a316.344.6-056.29 ‡2MRF
080 . ‡a929 ‡2MRF
080 . ‡a796.6:316.344.6-056.26/.3 ‡2MRF
080 . ‡a(437.3) ‡2MRF
080 . ‡a(0:82-322.6) ‡2MRF
080 . ‡a(093.3) ‡2MRF
1001 . ‡aAntošová, Kateřina ‡7mzk2014815584 ‡4aut
24510. ‡aParadeník, aneb, Jak jsem spadla z hrušky / ‡cKateřina Antošová
24630. ‡aJak jsem spadla z hrušky
250 . ‡a1. vyd.
260 . ‡aPraha : ‡bLuboš Brabec, ‡c2014
300 . ‡a123 s. ; ‡c18 cm
60017. ‡aAntošová, Kateřina ‡7mzk2014815584 ‡2czenas
648 7. ‡a2012-2013 ‡7ch967328 ‡2czenas
65007. ‡aparaplegici ‡7ph205407 ‡zČesko ‡2czenas
65007. ‡ahandcycling ‡7ph733062 ‡2czenas
65009. ‡aparaplegics ‡zCzechia ‡2eczenas
65009. ‡ahandcycling ‡2eczenas
655 7. ‡aautobiografické příběhy ‡7fd131891 ‡2czenas
655 7. ‡adeníky ‡7fd132006 ‡2czenas
655 9. ‡aautobiographical stories ‡2eczenas
655 9. ‡adiaries ‡2eczenas
910 . ‡aABG312
995 . ‡aska
901 . ‡a57031 ‡bAUTOGEN ‡c57031 ‡tbiblio

Additional Resources